Statistics for Biggest Cities in Israel on a Map

Click here to take the quiz!

General Stats

  • This quiz has been taken 181 times
  • The average score is 7 of 10

Answers on the Map

Answers color-coded by a green-red scale on the quiz's map according to % correct below.
 

Answer Stats

PopulationCity% Correct
451.523Tel Aviv-Yafo
98%
919.438Jerusalem
97%
283.640Haifa
94%
209.002Beersheba
72%
224.628Ashdod
58%
217.244Netanya
55%
251.719Rishon LeZion
50%
194.273Holon
48%
244.275Petah Tikva
45%
198.863Bnei Brak
36%

Score Distribution

Percentile by Number Answered

Percent of People with Each Score

Your Score History

You have not taken this quiz